Notas para un diálogo urgente
Spremljeno u:
| Format: | Nepoznato |
|---|---|
| Jezik: | Spanish |
| Izdano: |
Venezuela :
Editorial Torino,
|
| Oznake: |
Dodaj oznaku
Bez oznaka, Budi prvi tko označuje ovaj zapis!
|
MARC
| LEADER | 00000 a2200000 04500 | ||
|---|---|---|---|
| 001 | 41261 | ||
| 003 | |||
| 008 | 050616s1994 ve spa d | ||
| 040 | |||
| 020 | |a 980-07-1889-3 | ||
| 090 | |a 0001 N899n | ||
| 245 | |a Notas para un diálogo urgente | ||
| 260 | |a Venezuela : |b Editorial Torino, | ||
| 300 | |a 258 páginas : gráficos, mapas | ||
| 999 | |c 10810 |d 10810 | ||



